Planning for sustainability : creating livable, equitable, and ecological communities

Bibliographic Details
Main Author: Wheeler, Stephen M.
Format: Book
Published: London : Routledge , 2004.
Subjects:

MARC

LEADER 00000cam a2200000 7i4500
001 0000003262
005 20050819.0
020 0 0 |a 0415322855 
090 0 0 |a 711.4   |b WHE 
100 1 0 |a Wheeler, Stephen M. 
245 1 0 |a Planning for sustainability :   |b creating livable, equitable, and ecological communities   |c Stephen W. Wheeler. 
260 0 0 |a London :   |b Routledge ,   |c 2004. 
300 |a 352 p. :   |b ill. ;   |c 24cm. 
650 0 0 |a City planning   |x Environmental aspects. 
650 0 0 |a Sustainable development 
999 |a 0000006218   |b Monograph   |c Open Shelf   |e Default branch